<?xml version="1.0" encoding="UTF-8"?><?xml-stylesheet type="text/xsl" href="static/style.xsl"?><OAI-PMH xmlns="http://www.openarchives.org/OAI/2.0/" xmlns:xsi="http://www.w3.org/2001/XMLSchema-instance" xsi:schemaLocation="http://www.openarchives.org/OAI/2.0/ http://www.openarchives.org/OAI/2.0/OAI-PMH.xsd"><responseDate>2026-04-13T19:50:28Z</responseDate><request verb="GetRecord" identifier="oai:www.recercat.cat:10230/22947" metadataPrefix="marc">https://recercat.cat/oai/request</request><GetRecord><record><header><identifier>oai:recercat.cat:10230/22947</identifier><datestamp>2025-12-20T20:24:18Z</datestamp><setSpec>com_2072_6</setSpec><setSpec>col_2072_452954</setSpec></header><metadata><record xmlns="http://www.loc.gov/MARC21/slim" xmlns:dcterms="http://purl.org/dc/terms/" xmlns:xsi="http://www.w3.org/2001/XMLSchema-instance" xmlns:doc="http://www.lyncode.com/xoai" xsi:schemaLocation="http://www.loc.gov/MARC21/slim http://www.loc.gov/standards/marcxml/schema/MARC21slim.xsd">
   <leader>00925njm 22002777a 4500</leader>
   <datafield ind2=" " ind1=" " tag="042">
      <subfield code="a">dc</subfield>
   </datafield>
   <datafield ind2=" " ind1=" " tag="720">
      <subfield code="a">Fuentes Parés, Aitor</subfield>
      <subfield code="e">author</subfield>
   </datafield>
   <datafield ind2=" " ind1=" " tag="260">
      <subfield code="c">2014-12-12T09:55:59Z</subfield>
   </datafield>
   <datafield ind2=" " ind1=" " tag="260">
      <subfield code="c">2014-12-12T09:55:59Z</subfield>
   </datafield>
   <datafield ind2=" " ind1=" " tag="260">
      <subfield code="c">2014-12-12</subfield>
   </datafield>
   <datafield ind2=" " ind1=" " tag="520">
      <subfield code="a">En aquest treball s’analitzen tres eines de traducció automàtica gratuïtes per tal de demostrar fins a quin punt és necessària la figura d’un traductor humà a l’hora de traduir i editar textos professionals, fins i tot entre llengües molt properes.</subfield>
   </datafield>
   <datafield ind2=" " ind1=" " tag="520">
      <subfield code="a">The main purpose of this essay is to show that, even if we can count on some automatic machines for translating, there will always be the need of having an actual translator or a copy editor to guarantee the quality of a text created to be published. This paper is based on an actual magazine, which did not exist before starting the paper, and it will try to explain the process of creation and correction of the texts that can be found in it. It will also try to show the utility of a machine translation (MT) in the process of translating texts from Catalan into Spanish, by analyzing two basic kinds of texts and from the point of view of linguistics, syntactic, and lexical approaches that will highlight the pros and the cons of using this tools. The tools analyzed are Google Translator, a statistical machine translator, and LucySoftware and Apertium, which both are rules-based translators. All the translation options will be seen with the original text and a human-made translation in order to compare when needed. The results shown will emphasize the need of a professional translator even though some of the tools are quite good at specialized texts.</subfield>
   </datafield>
   <datafield tag="653" ind2=" " ind1=" ">
      <subfield code="a">Traducció automàtica -- Programes d&amp;apos;ordinador -- Avaluació</subfield>
   </datafield>
   <datafield tag="653" ind2=" " ind1=" ">
      <subfield code="a">Català -- Traducció automàtica</subfield>
   </datafield>
   <datafield tag="653" ind2=" " ind1=" ">
      <subfield code="a">Apertium</subfield>
   </datafield>
   <datafield tag="653" ind2=" " ind1=" ">
      <subfield code="a">Translation engines</subfield>
   </datafield>
   <datafield tag="653" ind2=" " ind1=" ">
      <subfield code="a">Google Translate</subfield>
   </datafield>
   <datafield tag="653" ind2=" " ind1=" ">
      <subfield code="a">Lucy Software KWIK Translator</subfield>
   </datafield>
   <datafield tag="653" ind2=" " ind1=" ">
      <subfield code="a">Comparative analysis</subfield>
   </datafield>
   <datafield tag="653" ind2=" " ind1=" ">
      <subfield code="a">Automatic translation</subfield>
   </datafield>
   <datafield ind2="0" ind1="0" tag="245">
      <subfield code="a">Onze metres. el procés de creació i traducció d&amp;apos;una revista de futbol trilingüe</subfield>
   </datafield>
</record></metadata></record></GetRecord></OAI-PMH>